Programa especial mejoramiento de la calidad de la educación peruana. Enriquecer el talento en el aula de clase

Este libro recoge las propuestas de intervención que con el aporte del Banco Mundial se diseñan para mejorar la calidad de la educación , revalorizar la carrera magisterial e incorporar las nuevas tecnologías de la información a la educación.

Salvato in:
Dettagli Bibliografici
Autore principale: Blumen, Sheyla
Natura: Libro
Lingua:Spanish
Pubblicazione: Lima: Ministerio de educación, 2001
Serie:Documento de trabajo; No. 11
Soggetti:
Accesso online:Enlace del recurso
Tags: Aggiungi Tag
Nessun Tag, puoi essere il primo ad aggiungerne! !

MARC

LEADER 00000nam a2200000 a 4500
001 001126
008 030616s2001 pe # fr# o000|0#spa#d
020 |a 9972-881-10-X 
041 0 |a spa 
043 |a s-pe--- 
100 1 |a Blumen, Sheyla 
245 1 0 |a Programa especial mejoramiento de la calidad de la educación peruana. Enriquecer el talento en el aula de clase   |c Sheyla Blumen 
260 |a Lima:  |b Ministerio de educación,  |c 2001 
300 |a 63 p. 
440 0 |a Documento de trabajo;  |v No. 11 
504 |a Incluye bibliografía. 
520 3 |a Este libro recoge las propuestas de intervención que con el aporte del Banco Mundial se diseñan para mejorar la calidad de la educación , revalorizar la carrera magisterial e incorporar las nuevas tecnologías de la información a la educación. 
650 1 4 |a EDUCACIÓN  |z PERÚ 
999 |c 3278  |d 3278 
856 |u https://catalogo.idep.edu.co/cgi-bin/koha/opac-detail.pl?biblionumber=3278  |z Enlace del recurso